Flora of the Nilgiri and pulney Hill tops ( above 6500 feets ) ; being the wild and commoner. Introduced flowering plants V II (Record no. 352579)

MARC details
000 -LEADER
fixed length control field 004510000a22001450004500
060 ## - NATIONAL LIBRARY OF MEDICINE CALL NUMBER
Classification number 100
082 ## - DEWEY DECIMAL CLASSIFICATION NUMBER
Classification number 581.954 82 FYS.02
100 ## - MAIN ENTRY--PERSONAL NAME
Personal name Fyson, P F
245 ## - TITLE STATEMENT
Title Flora of the Nilgiri and pulney Hill tops ( above 6500 feets ) ; being the wild and commoner. Introduced flowering plants V II
260 ## - PUBLICATION, DISTRIBUTION, ETC. (IMPRINT)
Place of publication, distribution, etc. Dehradun, Bishen singh Mahendra Pal singh
260 ## - PUBLICATION, DISTRIBUTION, ETC. (IMPRINT)
Date of publication, distribution, etc. 1974
300 ## - PHYSICAL DESCRIPTION
Extent 286
650 ## - SUBJECT ADDED ENTRY--TOPICAL TERM
Topical term or geographic name as entry element Flowering plants in the Hill tops /
942 ## - ADDED ENTRY ELEMENTS (KOHA)
Koha item type Books (General)
Holdings
Withdrawn status Lost status Damaged status Not for loan Home library Current library Date acquired Total Checkouts Full call number Barcode Date last seen Price effective from Koha item type
        College of Agriculture, Vellayani College of Agriculture, Vellayani 02/05/2014   581.954 82 FYS.02 KAU_COAV-15789 02/05/2014 02/05/2014 Books (General)
Kerala Agricultural University Central Library
Thrissur-(Dt.), Kerala Pin:- 680656, India
Ph : (+91)(487) 2372219
E-mail: librarian@kau.in
Website: http://library.kau.in/